000 00965nmm a2200301 a 4500
001 ocm0002146046
003 TR-IsHL
005 20201028182700.0
008 190205s2018 tu tur
007 cr cn
020 _a9786052811405
035 _a2146046
_b(N$T)
050 0 4 _aBF637.S4
_bG65 2018
090 0 4 _aBF637.S4
_bG65 2018
100 1 _aGöksu, Sıtkı
245 1 0 _aHayattan ne öğrendim
_h[electronic resource] /
_cSıtkı Göksu
250 _a1. Baskı
260 _aİstanbul :
_bHiperlink Yayınları,
_c2018
300 _a213 p.
650 4 _aFelsefe, Psikoloji ve Din
650 4 _aPhilosophy, Psychology and Religion
650 0 _aÖzyapabilirlik (Psikoloji)
650 0 _aSelf-actualization (Psychology)
650 0 _aBaşarı
650 0 _aSuccess
650 7 _aSELF-HELP / Personal Growth / Success
_2bisacsh
856 4 0 _uhttp://search.ebscohost.com/login.aspx?direct=true&scope=site&db=e011xww&AN=2146046
999 _c20183
_d20183